00474nam a2200181Ia 4500003000900000008004100009020001800050040001600068080001600084100001400100245006900114260002900183300001600212650002500228650001000253700001500263700001400278IN-BaIIA211028s9999 xx 000 0 eng d a81-7808-652-2 cIIA Library a681.31bNEM aNemeth, E 0aLinux admistration handbookcE. Nemeth, G. Snyder and T. R. Hein aNew DelhibPearsonc2003 axxxi, 890p. aBasic administration aLinux aHein, T. R aSnyder, G